Monuments dans quelle ville de France ? - Statistiques

Statistiques générales
  • Ce quiz a été pris 262 fois
  • Le résultat moyen est 11 sur 20
Statistiques - réponses
Par images Réponse % Correct
Paris
100%
Marseille
92%
Le Mont-Saint-Michel
86%
Bordeaux
85%
Toulouse
82%
Versailles
76%
Chambord
70%
Nîmes
66%
Reims
66%
Lyon
65%
Carcassonne
59%
Strasbourg
48%
Lille
46%
Brest
35%
Biarritz
29%
Bonifacio
14%
Clermont-Ferrand
14%
Pau
10%
Périgueux
7%
Saint-Pierre
2%
Aucun quiz correspondant
Distribution des résultats
% des personnes avec chaque résultat
Percentile par nombre de réponses
Votre historique - résultats
Vous n’avez pas pris ce quiz